| Tag |
First Indicator |
Second Indicator |
Subfields |
| LEADER |
00000cam a2200000 a 4500 |
| 001 |
in00000079637 |
| 005 |
20151008053942.0 |
| 008 |
801217s1980 nyua b 10000 engm |
| 010 |
|
|
|a 80068343
|
| 035 |
|
|
|a (OCoLC)07175628
|
| 035 |
|
|
|9 AAH9165AM
|
| 040 |
|
|
|a DLC
|c DLC
|d m.c.
|d TXA
|d UtOrBLW
|
| 049 |
|
|
|a TXAM
|c [1654703]
|
| 050 |
0 |
0 |
|a TJ838
|b .S58
|
| 082 |
0 |
|
|a 621.31/3
|2 19
|
| 245 |
0 |
0 |
|a Small hydro-power fluid machinery :
|b presented at the winter annual meeting of the American Society of Mechanical Engineers, Chicago, Illinois, November 16-21, 1980 /
|c sponsored jointly by ASME Fluids Engineering Division, ASCE Hydraulics Division ; edited by D.R. Webb, D. [as printed] N. Papadakis.
|
| 264 |
|
1 |
|a New York, N.Y. :
|b ASME,
|c [1980]
|
| 264 |
|
4 |
|c ©1980
|
| 300 |
|
|
|a v, 110 pages :
|b illustrations ;
|c 28 cm.
|
| 336 |
|
|
|a text
|b txt
|2 rdacontent
|
| 337 |
|
|
|a unmediated
|b n
|2 rdamedia
|
| 338 |
|
|
|a volume
|b nc
|2 rdacarrier
|
| 504 |
|
|
|a Includes bibliographical references.
|
| 650 |
|
0 |
|a Hydraulic machinery
|v Congresses.
|
| 650 |
|
0 |
|a Hydroelectric power plants
|x Equipment and supplies
|x Congresses.
|
| 700 |
1 |
|
|a Webb, Donald.
|
| 700 |
1 |
|
|a Papadakis, Constantine.
|
| 710 |
2 |
|
|a American Society of Mechanical Engineers.
|b Fluids Engineering Division.
|
| 710 |
2 |
|
|a American Society of Civil Engineers.
|b Hydraulics Division.
|
| 999 |
|
|
|a MARS
|
| 999 |
f |
f |
|s 46a70983-125b-3db1-9990-2ea916b05ffb
|i ac3846a0-85e6-3895-b694-b81f1b72b9f6
|t 0
|
| 952 |
f |
f |
|p ric
|a Texas A&M University
|b Rellis Campus
|c Joint Library Facility
|d Remote Storage
|t 0
|e TJ838 .S58
|h Library of Congress classification
|i unmediated -- volume
|m A14806249887
|
| 998 |
f |
f |
|a TJ838 .S58
|t 0
|l Remote Storage
|